Biochemistry/ (Record no. 14116)

000 -LEADER
fixed length control field 00597nam a22001817a 4500
008 - FIXED-LENGTH DATA ELEMENTS--GENERAL INFORMATION
fixed length control field 160927b xxu||||| |||| 00| 0 eng d
020 ## - INTERNATIONAL STANDARD BOOK NUMBER
International Standard Book Number 0867202122
050 ## - LIBRARY OF CONGRESS CALL NUMBER
Classification number QP 514.2 .A24 1992
100 ## - MAIN ENTRY--PERSONAL NAME
Personal name Abeles, Robert H.
245 ## - TITLE STATEMENT
Title Biochemistry/
Statement of responsibility, etc. Robert H. Abeles, Perry A. Frey and William P. Jencks
260 ## - PUBLICATION, DISTRIBUTION, ETC. (IMPRINT)
Place of publication, distribution, etc. Boston:
Name of publisher, distributor, etc. Jones and Bartlett Publishers,
Date of publication, distribution, etc. 1992
300 ## - PHYSICAL DESCRIPTION
Extent xxii, 838p. :
Other physical details ill. ;
500 ## - GENERAL NOTE
General note Includes references and index.
650 ## - SUBJECT ADDED ENTRY--TOPICAL TERM
Topical term or geographic name as entry element Biochemistry
700 ## - ADDED ENTRY--PERSONAL NAME
Personal name Frey, Perry A.
700 ## - ADDED ENTRY--PERSONAL NAME
Personal name Jencks, William P
942 ## - ADDED ENTRY ELEMENTS (KOHA)
Source of classification or shelving scheme
Koha item type Hard Covered Materials
Classification part QP 514.2 .A24 1992

No items available.

© Machakos University Library, Along The Highway, Machakos Wote Rd, Machakos, Kenya P.O. Box 136 - 90100 Machakos - Kenya

Tel: ( +254 ) 723 805829 OR Fax : 044-20353 OR Email: library@mksu.ac.ke